En otro tiempo : años de juventud en Galitzia oriental /

Salvato in:
Dettagli Bibliografici
Autore principale: Morgenstern, Soma (autor)
Natura: Libro
Lingua:spagnolo
Pubblicazione: Barcelona, España : Editorial Minúscula, 2005, c2005
Serie:(Alexanderplatz ; 9)
Soggetti:
Tags: Aggiungi Tag
Nessun Tag, puoi essere il primo ad aggiungerne!!

MARC

LEADER 00000nam^a2200000^a^4500
001 000187499
005 20250521000000.0
009 20260310102301.878
020 |a 84-95587-25-4 
037 |a Acervo ITESO - Biblioteca 
041 |a ESP 
082 |a 838.  |b ALE V. 9 
100 |a Morgenstern, Soma  |e (autor) 
240 1 1 |a [En otro tiempo] 
245 1 0 |a En otro tiempo :  |b años de juventud en Galitzia oriental /  |c S. Morgenstern ; ed. alemana, notas y posfacio de Ingolf Schulte ; tr. por Teresa Ruiz Rosas. 
264 4 |a Barcelona, España :  |b Editorial Minúscula,  |c 2005, c2005 
300 |a 590 p. 
336 |a texto  |b txt  |2 rdacontenido 
337 |a sin mediación  |b n  |2 rdamedio 
338 |a volumen  |b nc  |2 rdasoporte 
440 1 |a (Alexanderplatz ;  |v 9) 
500 |a Traducción de: In einer anderen Zeit. Jugendjahre in Ostgalizien 
545 0 |a Soma Morgenstern nació en Galizia -entonces parte del Imperio Austro-Húngaro y hoy parte de Polonia- en 1890 y murió como ciudadano norteamericano en Nueva York, en 1976. De familia judía ortodoxa y multilingüe, su educación formal fue, sin embargo, en alemán, que sería siempre su idioma para la escritura. Vivió en Berlín y Viena, antes de trasladarse a Francia durante el ascenso del fascismo y huir, en 1941, a Nueva York. Es autor de la trilogía Destellos en el abismo; de Huida y fin de Joseph Roth; En otro tiempo: años de juventud en Galitzia oriental; y Alban Berg y sus ídolos, entre otros. 
649 |a XX 
650 |a Escritores Polacos -  |x Memorias 
650 |a Escritores Norteamericanos -  |x Memorias 
650 |a Memorias Polacas 
650 |a Literatura Polaca -  |y Siglo XX 
650 |a Literatura en Alemán 
650 |a Galitzia, Polonia -  |x Historia -  |y Siglo XX 
650 |a Polonia -  |x Historia -  |y Siglo XX 
650 |a Alemania -  |x Historia -  |y Monarquía Imperial, 1871-1918 
650 |a Morgenstern, Soma -  |x Tema Principal 
910 |a Fondo General 
920 |a Impresos - Libros 
930 |a Colección General 
940 |a Literatura 
905 |a 101 
901 |a 0500129631  |b IT1  |c LIT  |u 20250521 
902 |a https://opac.biblio.iteso.mx/vufind/Record/000187499